000
00291nam a2200121Ia 4500
008
240719s9999 xx 000 0 und d
041
_a
eng
082
_a
828 BRE
100
_a
Brearley, Mike
245
_a
The Art Of Captaincy
260
_a
London
_b
Pan Books
_c
1985
300
_a
386 P.; 20 Cm.
999
_c
41124
_d
41124